It looks like you're offline.
Open Library logo
additional options menu

MARC record from Internet Archive

LEADER: 00957cam 2200205l 4500
008 720113s1849 pau eng |
035 $a(Sirsi) AEQ-4197
035 $a311176
040 $aOTU$bENG
090 19 $aLaw.DiE H3216s$bROBA$c1
100 10 $aHarrison, Richard Tarrant,$d1809-
245 02 $aA supplement to [S.B.] Harrison's Analytical digest$bcontaining a digest of all the reported cases decided in the courts of equity, common law, admiralty, and the ecclesiastical courts; and by the Lord Chancellor of Ireland in the years 1846, 1847, and 1848,$ccarefully arranged by a member of the Philadelphia Bar.
260 0 $aPhiladelphia,$bSmall,$c1849.
300 $a1734 p.
500 $aThis is vol. 6 suppl. vol. 2 of S.B. Harrison's Analytical digest ...
651 0 $aEngland$xLaw$xReports, digests, etc.
700 10 $aHarrison, Samuel Bealey,$d1802-1867
948 $a07/15/1992$b04/10/1996
596 $a26
926 $aROBARTS$bSTACKS$cLaw.DiE H3216s$dBOOK$f1